Countries Starting with S - Statistics

General Stats
  • This quiz has been taken 46 times
    31 since last reset
  • The average score is 21 of 26
Answer Stats
Answer % Correct
Seychelles
96%
Slovakia
96%
Sweden
96%
Slovenia
93%
South Africa
93%
South Korea
93%
South Sudan
89%
Sudan
89%
Syria
89%
Saint Kitts and Nevis
86%
Saint Lucia
86%
Senegal
86%
Switzerland
86%
Saint Vincent and the Grenadines
82%
Serbia
82%
Somalia
82%
Spain
82%
Samoa
79%
Suriname
79%
San Marino
75%
Singapore
75%
Sri Lanka
71%
Solomon Islands
68%
Sao Tome and Principe
61%
Saudi Arabia
61%
Sierra Leone
57%
No matching quizzes found
Score Distribution
Percent of People with Each Score
Percentile by Number Answered
Your Score History
You have not taken this quiz since the last reset